Brezilya Ülke Testi - Statistics

General Stats
  • This quiz has been taken 272 times
  • The average score is 7 of 21
Answer Stats
İpucu Cevap % Correct
Resmi dil Portekizce
90%
En kalabalık şehirler Rio de Janeiro
77%
Brezilya'ya sınırı olmayan tek Güney Amerika ülkeleri Şili
70%
Tüm zamanların önde gelen erkeklerDünya Kupası golcüleri Pelé
54%
Brezilya'ya sınırı olmayan tek Güney Amerika ülkeleri Ekvador
52%
En uzun nehir Amazon
50%
Başkent Brasília
48%
Tüm zamanların önde gelen erkeklerDünya Kupası golcüleri Ronaldo
45%
En kalabalık şehirler São Paulo
45%
Brezilya bu çekirdeğin #1 numaralı üreticisidir. Kahve
35%
Brezilya'daki gecekondu mahallelerine verilen ad Favela
28%
En ünlü heykel {Kurtarıcı} İsa
27%
O kutlamada çalınan müzik türü Samba
25%
Kül Çarşambasından önce beş gün süren kutlama Karnaval
22%
Para birimi Real
13%
Bayrakta da bulunan slogan {Ordem} e Progresso
8%
2018’de seçilen tartışmalı başkan Jair Bolsonaro
6%
En ünlü plajlar Copacabana
5%
1888'de yasaklanan şey Kölelik
5%
Arjantin sınırındaki şelaleler {Iguazu} Şelaleleri
4%
En ünlü plajlar Ipanema
1%
No matching quizzes found
Score Distribution
Percent of People with Each Score
Percentile by Number Answered
Your Score History
You have not taken this quiz